<?xml version="1.0" encoding="UTF-8"?>
<record
    xmlns:xsi="http://www.w3.org/2001/XMLSchema-instance"
    xsi:schemaLocation="http://www.loc.gov/MARC21/slim http://www.loc.gov/standards/marcxml/schema/MARC21slim.xsd"
    xmlns="http://www.loc.gov/MARC21/slim">

  <leader>01774nab a2200229uuc4500</leader>
  <controlfield tag="001">1429650</controlfield>
  <controlfield tag="005">20240202122937.0</controlfield>
  <controlfield tag="008">151211e20150408                    spa  </controlfield>
  <datafield tag="035" ind1=" " ind2=" ">
    <subfield code="a">1429650</subfield>
  </datafield>
  <datafield tag="040" ind1=" " ind2=" ">
    <subfield code="c">comduadb</subfield>
  </datafield>
  <datafield tag="041" ind1=" " ind2=" ">
    <subfield code="a">spa</subfield>
  </datafield>
  <datafield tag="100" ind1="1" ind2="0">
    <subfield code="a">Duque S&#xE1;nchez, Alicia Patricia</subfield>
    <subfield code="4">aut</subfield>
    <subfield code="e">aut</subfield>
    <subfield code="9">742832</subfield>
  </datafield>
  <datafield tag="245" ind1="1" ind2="0">
    <subfield code="a">Estado de flujos de efectivo : aplicaci&#xF3;n de razonamientos algebraicos y de la NIC 7</subfield>
  </datafield>
  <datafield tag="520" ind1="3" ind2=" ">
    <subfield code="a">RESUMEN: El presente documento explica c&#xF3;mo elaborar el Estado de Flujos de Efectivo, EFE, al aplicar razonamientos algebraicos, contables y la NIC 7. Las explicaciones espec&#xED;ficas se basan en un caso expresado con s&#xED;mbolos de letras en lugar de las cifras, el cual corresponde a un ejemplo sencillo de una empresa comercial que incorpora los otros tres estados financieros, pol&#xED;ticas contables e informaci&#xF3;n adicional requerida. Lo expuesto constituye una demostraci&#xF3;n matem&#xE1;tico-contable de la manera como se construye la estructura de presentaci&#xF3;n del Estado de Flujos de Efectivo por el m&#xE9;todo directo, a partir de la doble ecuaci&#xF3;n vertical del Estado de Situaci&#xF3;n Financiera. El estudio riguroso de esta demostraci&#xF3;n posibilita su aplicaci&#xF3;n en casos pr&#xE1;cticos de las organizaciones, por lo cual constituye un reto para fortalecer las habilidades de pensamiento de orden superior, con el aprendizaje a partir del texto.</subfield>
  </datafield>
  <datafield tag="650" ind1=" " ind2=" ">
    <subfield code="a">Estado de flujos financieros</subfield>
    <subfield code="9">107698</subfield>
  </datafield>
  <datafield tag="650" ind1=" " ind2=" ">
    <subfield code="a">Normas internacionales de contabilidad (NIC)</subfield>
    <subfield code="9">167781</subfield>
  </datafield>
  <datafield tag="650" ind1=" " ind2="7">
    <subfield code="a">&#xC1;lgebra</subfield>
    <subfield code="2">lemb</subfield>
    <subfield code="9">5458</subfield>
  </datafield>
  <datafield tag="650" ind1=" " ind2=" ">
    <subfield code="a">Contabilidad - Modelos matematicos</subfield>
    <subfield code="9">6036</subfield>
  </datafield>
  <datafield tag="650" ind1=" " ind2=" ">
    <subfield code="a">Contabilidad empresarial</subfield>
    <subfield code="9">77276</subfield>
  </datafield>
  <datafield tag="773" ind1="0" ind2=" ">
    <subfield code="t">Cuadernos de Contabilidad (Bogot&#xE1;)</subfield>
    <subfield code="g">Vol&#xFA;men 16, N&#xFA;mero 40, Enero-Abril 2015, 73-109</subfield>
    <subfield code="w">583603</subfield>
    <subfield code="x">0123-1472</subfield>
    <subfield code="0">142615</subfield>
  </datafield>
  <datafield tag="942" ind1=" " ind2=" ">
    <subfield code="c">ARIMP</subfield>
  </datafield>
  <datafield tag="999" ind1=" " ind2=" ">
    <subfield code="c">725059</subfield>
    <subfield code="d">725059</subfield>
  </datafield>
</record>
